Prince Abdul Moshin Bin Abdulaziz Destinations (Yanbu, Saudi Arabia) - Statistics

General Stats
  • This quiz has been taken 13 times
    6 since last reset
  • The average score is 7 of 9
Answer Stats
Airline Destination % Correct
Air Cairo/Nile Air Alexandria
100%
Air Arabia/AlMasria Universal Airlines/Nesma Airlines/Nile Air Cairo
100%
Qatar Airways Doha
100%
Turkish Airlines Istanbul
100%
flyadeal/flynas Dammam
80%
Saudia Jeddah
80%
Saudia Riyadh
80%
Air Arabia Sharjah
60%
Air Cairo Sohag
0%
No matching quizzes found
Score Distribution
Percent of People with Each Score
Percentile by Number Answered
Your Score History
You have not taken this quiz since the last reset